Logo

Description automatically generated
विद्यार्जन
 संसाधन केंद्र, भारतीय प्रौद्योगिकी संस्थान इन्दौर
Learning Resource Center, Indian Institute of Technology Indore

ऑनलाइन सार्वजनिक अभिगम प्रसूची
Online Public Access Catalogue (OPAC)

The geometry of wealth : how to shape a life of money and meaning (Record no. 57255)

MARC details
000 -LEADER
fixed length control field 00561nam a2200205Ia 4500
005 - DATE AND TIME OF LATEST TRANSACTION
control field 20260616173547.0
008 - FIXED-LENGTH DATA ELEMENTS--GENERAL INFORMATION
fixed length control field 260616s9999||||xx |||||||||||||| ||und||
020 ## - INTERNATIONAL STANDARD BOOK NUMBER
International Standard Book Number 9789393559722
Qualifying information pbk
082 ## - DEWEY DECIMAL CLASSIFICATION NUMBER
Classification number 332.024
Item number POR
100 ## - MAIN ENTRY--PERSONAL NAME
Personal name Portnoy, Brian
245 #4 - TITLE STATEMENT
Title The geometry of wealth : how to shape a life of money and meaning
260 ## - PUBLICATION, DISTRIBUTION, ETC.
Place of publication, distribution, etc. Mumbai
Name of publisher, distributor, etc. Jaico Pubishing House
Date of publication, distribution, etc. 2023
300 ## - PHYSICAL DESCRIPTION
Extent ix, 217p. ; 22cm.
653 ## - INDEX TERM--UNCONTROLLED
Uncontrolled term Conduct of life
653 ## - INDEX TERM--UNCONTROLLED
Uncontrolled term Finance, Personal
653 ## - INDEX TERM--UNCONTROLLED
Uncontrolled term Investments
653 ## - INDEX TERM--UNCONTROLLED
Uncontrolled term Success
653 ## - INDEX TERM--UNCONTROLLED
Uncontrolled term Wealth
942 ## - ADDED ENTRY ELEMENTS (KOHA)
Koha item type Book
Holdings
Withdrawn status Lost status Damaged status Not for loan Home library Current library Shelving location Date acquired Source of acquisition Total Checkouts Full call number Barcode Date last seen Price effective from Koha item type
        LRC, IIT Indore LRC, IIT Indore 3rd Floor - General Stack 16/06/2026 Gratis Book Price: INR 399.00   332.024 POR G2486 16/06/2026 16/06/2026 Book
Copyright © 2017-2026 Indian Institute of Technology Indore. All Rights Reserved.
Managed & maintained by Learning Resource Center, IIT Indore